000 00416nam a22001337a 4500
003 SGT
020 _a9789352669011
082 _a920
_bJ18A
100 _aअग्निहोत्री, कुलदीप चंद
245 _a जम्मू कश्मीर का विस्तृत अध्याय
260 _bप्रभात प्रकाशन
_c2018
300 _a207
942 _2ddc
_cBK
999 _c31983
_d31983